00573nam a22002057a 4500003000500000005001700005008004100022010001000063011001000073035001000083040000900093082001700102100002300119245003400142260008400176300003100260650001500291650003200306700002900338CHAP20220817041457.0971013s1978 r 00010 d a15610 a16582 a20664 cCHAP a634.9734bH500aHillis, W. E.eed. aEucalypts for wood production aAdelaide :bCommonwealth Scientific and Industrial Research Organization,c1978 a434 p.b: ilus. ; gráfs.14aEucalipto.14aMaderaxPropiedades y usos.0 aBrown, Alan Gordon John.